Minecraft Loot: Trial Chambers Ominous Vault - Statistics

General Stats
  • This quiz has been taken 22 times
  • The average score is 14 of 23
Answer Stats
Pool Item Stack Size Weight % Correct
Pool 1(1) Diamond 2-3 2.7%
95%
Pool 2(1-3) Diamond 2-3 13%
95%
Pool 3(1) Heavy Core 1 7.5%
95%
Pool 1(1) Emerald 4-10 6.7%
89%
Pool 2(1-3) Emerald 4-10 33%
89%
Pool 1(1) Block of Diamond 1 2.8%
74%
Pool 1(1) Block of Emerald 1 14%
74%
Pool 3(1) Enchanted Golden Apple 1 23%
74%
Pool 1(1) Golden Apple 1 8.3%
68%
Pool 1(1) Wind Charge 8-12 5.3%
68%
Pool 2(1-3) Wind Charge 8-12 27%
68%
Pool 1(1) Diamond Chestplate 1 8.3%
63%
Pool 1(1) Enchanted Book 1 17%
63%
Pool 1(1) Block of Iron 1 11%
58%
Pool 3(1) Flow Armor Trim 1 23%
47%
Pool 1(1) Arrow of Slowness IV 4-12 4%
42%
Pool 2(1-3) Arrow of Slowness IV 4-12 20%
42%
Pool 1(1) Diamond Axe 1 8.3%
42%
Pool 1(1) Crossbow 1 11%
37%
Pool 3(1) Flow Banner Pattern 1 15%
37%
Pool 1(1) Ominous Bottle 1 1.3%
26%
Pool 2(1-3) Ominous Bottle 1 6.7%
26%
Pool 3(1) Music Disc (Creator) 1 7.5%
21%
No matching quizzes found
Score Distribution
Percent of People with Each Score
Percentile by Number Answered
Your Score History
You have not taken this quiz